| 000 | 01999nam a2200397 a 4500 | ||
|---|---|---|---|
| 999 |
_c168641 _d168641 |
||
| 003 | BLK | ||
| 005 | 20250122133705.0 | ||
| 008 | 180411b bul|||||r ||||||| ||bul|| | ||
| 010 | _aKNG00176559000 | ||
| 040 | _aBLK | ||
| 041 |
_aBUL _cBUL |
||
| 072 | 7 |
_2bullib _aК _xКраезнание |
|
| 080 |
_aИкономическо положение. Икономическа политика. Управление. Планиране. Производство. Услуги. Цени _b338 _x(497.2) _z338(497.2) |
||
| 100 | 1 |
_aПопов, Иван Иванов _eпърви автор _9337915 |
|
| 139 |
_aПопов, Иван Иванов _bП 76 |
||
| 245 | 1 | 0 |
_aСтопанската 1933 година _bРеферат, четен пред XXXIX общо редовно год. събрание на Камарата, състояло се през м. април 1934 г. _cИван Попов. |
| 257 | _aBGR | ||
| 260 |
_aРусе _bРусенска търг.-индустр. камара _c1934 _fРусе : Дунав |
||
| 300 |
_a34 с. _c23 см |
||
| 380 | _a3 | ||
| 500 | _aКор. загл. Стопанската 1933. - На загл. с. означената година в загл. - 1933 е лепенка. | ||
| 650 | 4 |
_aКамари, търговско-индустриални _9280620 |
|
| 650 | 4 |
_aБългария - стопанска история _9272238 |
|
| 651 | 4 |
_aБългария _9241624 |
|
| 653 | _aРТИК | ||
| 852 | _aЦб 45463 | ||
| 852 |
_aК 338/П 76 _bК |
||
| 852 | _aЦб 3.230.30598 | ||
| 856 | 4 |
_qpdf _i0.00 _lreg users access _fСтопанската 1933 година _uhttp://185.138.176.146:18082/cgi-bin/koha/opac-retrieve-file.pl?id=7917853be61a2857ace946aa2ef40780 _xebook _zСтопанската 1933 година |
|
| 856 | 4 |
_qpdf _i0.00 _ldisable |
|
| 942 |
_cKNG _n0 _s1 _02 |
||
| 944 |
_aCR _c12.06.2015 _k30558 _lВаля Йорданова |
||
| 944 |
_aED _c2023-04-19 _kКети |
||
| 999 | _d168641 | ||
| 999 | _d168641 | ||